000 00590nam a2200229Ia 4500
003 OSt
005 20220924113208.0
006 a|||||r|||| 00| 0
007 ta
008 220923b |||||||| |||| 00| 0 snd d
024 _a2810
037 _cDictionary
040 _aARTS
_cARTS
_bsnd
041 _2snd
_asnd
082 _aO1593:4k, J2
100 _aRamachandani
_9169673
245 0 _aTwentieth century english - sindhi dictionary
260 _c1952
650 _aSINDHI LITERATURE
942 _hO1593:4k, J2
_cdic
_2cc
999 _c389503
_d389503